000 00641nam a22002177a 4500
001 0011780
003 DO-SdBNP
005 20180212111157.0
007 0011780
008 161117b 2004 sp||||| |||| 00| 0 spa d
020 _a9788439207443
040 _aBPMSU
_bspa
_cBPMSU
082 _axxxxxxxxx
_bxxxxxxxxx
245 0 3 _aEl Álbum de la película :
_b¡basado en el nuevo filme! /
_ctraducción Elsa Afonso Mory
260 _aMadrid :
_bGaviotas ediciones,
_c2004.
300 _a48 p. :
_bil.,
_c29 cm.
700 1 _aAfonso Mory, Elsa
942 _2ddc
_cBK
945 _ainventariado, 2018 / dg
956 _aBTAVÁREZ
_b10
_c20161117
_d0011780
999 _c11979
_d11979